50 Famous Movie Quotes - Not Easy - Statistics

General Stats
  • This quiz has been taken 119 times
  • The average score is 27 of 50
Answer Stats
Hint Answer % Correct
May the Force be with you 1977 Star Wars
98%
To infinity and beyond! 1995 Toy Story
93%
My mama always said life was like a box of chocolates. You never know what you're gonna get 1994 Forrest Gump
90%
I'll be back. 1984 The Terminator
85%
My precious. 2002 The Lord of the Rings
81%
Houston, we have a problem. 1995 Apollo 13
80%
Hi, I'm Chucky. Wanna play? 1988 Child's Play
78%
You're gonna need a bigger boat 1975 Jaws
77%
I'm the king of the world! 1997 Titanic
77%
This is Sparta! 2006 300
75%
It's alive! It's alive! 1931 Frankenstein
75%
Heeeeere's Johnny! 1980 The Shining
75%
I am Groot 2014 Guardians of the Galaxy
74%
I see dead people. 1999 The Sixth Sense
72%
Why so serious? 2008 The Dark Knight
70%
Wax on, wax off. 1984 The Karate Kid
70%
Yippie-ki-yay, motherf—er! 1988 Die Hard
67%
He slimed me. 1984 Ghostbusters
67%
You talking to me? 1976 Taxi Driver
67%
They may take our lives, but they'll never take our freedom! 1995 Braveheart
66%
On Wednesdays we wear pink. 2004 Mean Girls
66%
Nobody puts Baby in a corner. 1987 Dirty Dancing
65%
Say hello to my little friend! 1983 Scarface
64%
Just Keep Swimming 2003 Finding Nemo
62%
I'm having an old friend for dinner. 1991 The Silence of the Lambs
62%
I love the smell of napalm in the morning. 1979 Apocalypse Now
61%
That'll do, pig. That'll do. 1995 Babe
60%
Keep your friends close, but your enemies closer. 1974 The Godfather
59%
Oh, no, it wasn't the airplanes. It was Beauty killed the Beast. 1933 King Kong
58%
They call it a Royale with cheese. 1994 Pulp Fiction
58%
You've got to ask yourself one question: 'Do I feel lucky?' Well, do ya punk? 1971 Dirty Harry
56%
I mean, funny like I'm a clown? I amuse you? 1990 Goodfellas
52%
Keep the sand out of your weapons. Keep those actions clear. I’ll see you on the beach. 1998 Saving Private Ryan
46%
Life moves pretty fast. If you don't stop and look around once in a while, you could miss it. 1986 Ferris Bueller's Day Off
45%
You see, in this world there's two kinds of people, my friend: Those with loaded guns and those who dig. You dig. 1966 The Good, the Bad and the Ugly
44%
As God as my witness, I'll never be hungry again. 1939 Gone With the Wind
39%
I have nipples Greg. Could you milk me? 2000 Meet the Parents
38%
I've been a poor man and I've been a rich man. And I choose rich every f****** time! 2013 The Wolf of Wall Street
36%
Get off my lawn. 2008 Gran Torino
32%
What's the most you ever lost on a coin toss? 2007 No Country for Old Men
30%
I ain’t got time to bleed 1987 Predator
25%
Some birds aren't meant to be caged. Their feathers are just too bright. 1994 The Shawshank Redemption
22%
The enemy's dangerous, but right now you're worse. Dangerous and foolish. 1986 Top Gun
20%
Get three coffins ready. 1964 A Fistful of Dollars
15%
I'm the guy who does his job. You must be the other guy. 2006 The Departed
15%
I’m just here for the gasoline 1979 Mad Max
12%
-I saw three of these dusters a short time ago. They were waiting for a train. Inside the dusters there were three men.-So? -Inside the men there were three bullets. 1968 Once Upon a Time in the West
12%
If you can’t say something nice, don’t say nothing at all. 1942 Bambi
9%
I'm scared to close my eyes, I'm scared to open them...We're gonna die out here 1999 The Blair Witch Project
8%
First rule of leadership: Everything is your fault. 1998 A Bug’s Life
5%
No matching quizzes found
Score Distribution
Percent of People with Each Score
Percentile by Number Answered
Your Score History
You have not taken this quiz